Online Catalogue and eLibrary

Stories from the culavamsa and other historical stories (Record no. 3527)

MARC details
000 -LEADER
fixed length control field 00379nam a2200145Ia 4500
005 - DATE AND TIME OF LATEST TRANSACTION
control field 20250211025252.0
008 - FIXED-LENGTH DATA ELEMENTS--GENERAL INFORMATION
fixed length control field 240331s9999 xx 000 0 und d
082 ## - DDC Classification
Item Number - Author Mark DEZ
Class No. 954
100 ## - MAIN ENTRY--PERSONAL NAME
Personal name DeZoysa, L
245 #0 - TITLE STATEMENT
Title Stories from the culavamsa and other historical stories
260 ## - PUBLICATION, DISTRIBUTION, ETC.
Place of publication, distribution, etc. Colombo
Name of publisher, distributor, etc. Marga Publications
Date of publication, distribution, etc. 1988
300 ## - PHYSICAL DESCRIPTION
Extent (e.g. Volumes, Pages etc.) v, 67 p .,
650 ## - SUBJECT ADDED ENTRY--TOPICAL TERM
Topical term or geographic name entry element History
942 ## - Koha item type (Biblio)
Koha item type Books in Stacks (Lending)
Holdings
Lost status Damaged status Collection code Home library Current library Shelving location Date acquired Full call number Accession Number Item type
    Lending WERC Library WERC Library Social Science Cupboard 03/31/2024 954.9 DEZ 356 Books in Stacks (Lending)

© WERC Library